| 000 -CABECERA |
| campo de control de longitud fija |
00952nam a22002177a 4500 |
| 003 - IDENTIFICADOR DEL NÚMERO DE CONTROL |
| campo de control |
OSt |
| 005 - FECHA Y HORA DE LA ÚLTIMA TRANSACCIÓN |
| campo de control |
20230810094755.0 |
| 008 - DATOS DE LONGITUD FIJA--INFORMACIÓN GENERAL |
| campo de control de longitud fija |
230810b ||||| |||| 00| 0 eng d |
| 040 ## - FUENTE DE LA CATALOGACIÓN |
| Centro catalogador/agencia de origen |
Municipalidad Provincial del Cusco |
| Lengua de catalogación |
spa |
| Centro/agencia transcriptor |
Biblioteca Municipal del Cusco |
| 082 ## - NÚMERO DE LA CLASIFICACIÓN DECIMAL DEWEY |
| Número de clasificación |
929 / |
| Notación interna |
T12 |
| 100 ## - ENTRADA PRINCIPAL--NOMBRE DE PERSONA |
| Nombre de persona |
Tacuri Tinta, Máximo Elías |
| 9 (RLIN) |
48879 |
| 245 ## - MENCIÓN DE TÍTULO |
| Título |
Apellido Tacuri : / |
| Resto del título |
Origen: "Atoq Takuri" / |
| Mención de responsabilidad, etc. |
Máximo Elías Tacuri Tinta |
| 250 ## - MENCIÓN DE EDICIÓN |
| Mención de edición |
Cusco: |
| Resto de la mención de edición |
Grupo Editora Aquarela S.A.C., 2022 |
| 260 ## - PUBLICACIÓN, DISTRIBUCIÓN, ETC. |
| Lugar de publicación, distribución, etc. |
Cusco: |
| Nombre del editor, distribuidor, etc. |
Grupo Editora Aquarela S.A.C., |
| Fecha de publicación, distribución, etc. |
2022 |
| 300 ## - DESCRIPCIÓN FÍSICA |
| Extensión |
240 páginas ; |
| Otras características físicas |
il. col.; diagrs. ; mapas ; retratos ; |
| Dimensiones |
20.3 cm. |
| 505 ## - NOTA DE CONTENIDO CON FORMATO |
| Nota de contenido con formato |
Introducción -- Sobre la investigación de la biografía de Atoq -- Sobre la correcta escritura y pronunciación del quechua -- Sobre el valle del Watanay -- Cronología histórica de los inkas |
| 650 #0 - PUNTO DE ACCESO ADICIONAL DE MATERIA--TÉRMINO DE MATERIA |
| 9 (RLIN) |
25537 |
| Término de materia o nombre geográfico como elemento de entrada |
Inkas - Cusco |
| 650 #0 - PUNTO DE ACCESO ADICIONAL DE MATERIA--TÉRMINO DE MATERIA |
| 9 (RLIN) |
2063 |
| Término de materia o nombre geográfico como elemento de entrada |
Quechua. |
| 942 ## - ELEMENTOS DE PUNTO DE ACCESO ADICIONAL (KOHA) |
| Fuente del sistema de clasificación o colocación |
|
| Tipo de ítem Koha |
Libros-BMC |
| 945 ## - PROCESAMIENTO DE INFORMACIÓN LOCAL (OCLC) |
| Catalogador |
vcp |
| AAAA-MM-DD Fecha de ingreso o modificación |
2023-08-10 |